[Event "Arvier Amatori op 3rd"]
[Site "Arvier"]
[Date "2013.01.04"]
[Round "4"]
[White "Brioschi, Camillo"]
[Black "Pierantoni, Mauro"]
[Result "1-0"]
[WhiteElo "1800"]
[BlackElo "1810"]
[PlyCount "73"]
[EventDate "2013.01.02"]
[EventType "swiss"]
[EventRounds "7"]
[EventCountry "ITA"]
[SourceTitle "EXT 2014"]
[Source "ChessBase"]
[SourceDate "2013.11.20"]
[SourceVersion "1"]
[SourceVersionDate "2013.11.20"]
[SourceQuality "1"]

1. d4 e6 2. c4 d6 3. Nc3 g6 4. e4 Bg7 5. f4 b6 6. Nf3 Bb7 7. Be3 Ne7 8. Bd3 Nd7 9. 0-0 0-0 10. Rc1 f5 11. Ng5 fxe4 12. Nxe6 exd3 13. Nxd8 Raxd8 14. Qxd3 Nf5 15. Rce1 Nf6 16. Bf2 Ng4 17. Kh1 Nxf2+ 18. Rxf2 Bxd4 19. Rfe2 c5 20. Nd5 Bxd5 21. cxd5 Bf6 22. b3 Nd4 23. Re4 Rd7 24. Re8 Kg7 25. Qe4 Rff7 26. g3 Nf5 27. Qa4 Nd4 28. Qa6 Nc2 29. R1e2 Nb4 30. Qc4 b5 31. Qe4 Na6 32. g4 Nc7 33. g5 Nxe8 34. Qxe8 Bd4 35. Re4 a5 36. Qb8 b4 37. Re8 1-0

[Event "EU Union-ch 6th"]
[Site "Arvier"]
[Date "2010.09.06"]
[Round "3"]
[White "Mazzetta, Renato"]
[Black "Pierantoni, Mauro"]
[Result "1-0"]
[WhiteElo "1920"]
[BlackElo "1866"]
[PlyCount "73"]
[EventDate "2010.09.04"]
[EventType "swiss"]
[EventRounds "9"]
[EventCountry "ITA"]
[SourceTitle "CBM 138 Extra"]
[Source "ChessBase"]
[SourceDate "2010.10.29"]
[SourceVersion "1"]
[SourceVersionDate "2010.10.29"]
[SourceQuality "1"]

1. e4 e6 2. d3 d5 3. Nd2 Nf6 4. g3 dxe4 5. dxe4 Be7 6. Bg2 Nc6 7. Ngf3 e5 8. Qe2 Bg4 9. c3 Qd7 10. Nc4 Qe6 11. Bg5 0-0 12. 0-0 h6 13. Bxf6 Bxf6 14. Ne3 Bxf3 15. Bxf3 Ne7 16. Rfd1 Rad8 17. b3 g6 18. Rd3 Rxd3 19. Qxd3 Qd6 20. Qxd6 cxd6 21. Rd1 Rd8 22. Nc4 Nc8 23. a4 Be7 24. Bg4 Nb6 25. Nb2 d5 26. a5 Nd7 27. Bxd7 Rxd7 28. Rxd5 Rc7 29. Rxe5 Bf6 30. Re8+ Kh7 31. e5 Bg7 32. Nc4 f6 33. f4 g5 34. e6 f5 35. e7 Kg6 36. Ne5+ Bxe5 37. Rg8+ 1-0

[Event "EU Union-ch 6th"]
[Site "Arvier"]
[Date "2010.09.04"]
[Round "1"]
[White "Pierantoni, Mauro"]
[Black "Brunello, Marina"]
[Result "0-1"]
[WhiteElo "1866"]
[BlackElo "2212"]
[PlyCount "108"]
[EventDate "2010.09.04"]
[EventType "swiss"]
[EventRounds "9"]
[EventCountry "ITA"]
[SourceTitle "CBM 138 Extra"]
[Source "ChessBase"]
[SourceDate "2010.10.29"]
[SourceVersion "1"]
[SourceVersionDate "2010.10.29"]
[SourceQuality "1"]

1. c4 Nf6 2. Nc3 e6 3. g3 d5 4. cxd5 exd5 5. Bg2 c6 6. d4 Be7 7. Nf3 0-0 8. 0-0 Bf5 9. Nh4 Bg4 10. f3 Bh5 11. Nf5 Nbd7 12. Bf4 Re8 13. Re1 Bf8 14. h3 Bg6 15. Nh4 Nh5 16. Nxg6 hxg6 17. Qd2 Nxf4 18. Qxf4 Nf6 19. Rad1 Nh5 20. Qg4 Bd6 21. f4 Re3 22. Bf3 Qb6 23. Kf2 Rae8 24. Qd7 Bb8 25. Bxd5 cxd5 26. Nxd5 Qe6 27. Qxe6 R3xe6 28. Kf3 f5 29. g4 fxg4+ 30. hxg4 Nxf4 31. Nxf4 Re3+ 32. Kg2 Bxf4 33. Rf1 Rxe2+ 34. Rf2 Bd6 35. Kf1 Rxf2+ 36. Kxf2 Kf7 37. Kf3 g5 38. Rd3 Re7 39. Rb3 b6 40. Rb5 Bf4 41. Rd5 Ke6 42. Ke4 Kf6+ 43. Kd3 a6 44. a4 Ke6 45. Ke4 Re8 46. b4 g6 47. a5 b5 48. Rc5 Kd6+ 49. Kd3 Re3+ 50. Kc2 Re7 51. Kd3 Rc7 52. Ke4 Rxc5 53. dxc5+ Kc6 54. Kd4 Bd2 0-1

[Event "Arvier op"]
[Site "Arvier"]
[Date "2010.07.03"]
[Round "1"]
[White "Mossong, Hubert"]
[Black "Pierantoni, Mauro"]
[Result "1-0"]
[WhiteElo "2162"]
[BlackElo "1736"]
[PlyCount "39"]
[EventDate "2010.07.03"]
[EventType "swiss"]
[EventRounds "9"]
[EventCountry "ITA"]
[SourceTitle "CBM 137 Extra"]
[Source "ChessBase"]
[SourceDate "2010.09.01"]
[SourceVersion "1"]
[SourceVersionDate "2010.09.01"]
[SourceQuality "1"]

1. e4 e6 2. d3 d5 3. Nd2 dxe4 4. dxe4 Nf6 5. Ngf3 Be7 6. Bd3 Nc6 7. a3 h6 8. Qe2 e5 9. h3 Bd6 10. Nb3 Ne7 11. Be3 Ng6 12. 0-0-0 Qe7 13. Kb1 b6 14. Nfd2 Be6 15. Bb5+ Nd7 16. Nc4 Bxc4 17. Qxc4 0-0 18. h4 Nf4 19. Bxf4 c6 20. Qxc6 1-0

[Event "Valle d'Aosta Region-ch"]
[Site "Sarre"]
[Date "2009.11.27"]
[Round "1"]
[White "Ciuffoletti, Paolo"]
[Black "Pierantoni, Mauro"]
[Result "1-0"]
[WhiteElo "2190"]
[BlackElo "1727"]
[PlyCount "55"]
[EventDate "2009.11.27"]
[EventType "swiss"]
[EventRounds "5"]
[EventCountry "ITA"]
[SourceTitle "EXT 2012"]
[Source "ChessBase"]
[SourceDate "2011.11.24"]
[SourceVersion "1"]
[SourceVersionDate "2011.11.24"]
[SourceQuality "1"]

1. e4 e6 2. d4 d5 3. e5 c5 4. c3 Nc6 5. Nf3 Qb6 6. a3 Bd7 7. b4 cxd4 8. cxd4 Rc8 9. Bb2 Nge7 10. Nc3 Nxb4 11. axb4 Qxb4 12. Qd2 a6 13. Bd3 Nc6 14. Na2 Qb3 15. 0-0 Nb4 16. Nxb4 Bxb4 17. Qe2 0-0 18. Rfb1 a5 19. Bc1 Qc3 20. Bd2 Qc7 21. Bxb4 axb4 22. Rxb4 Bc6 23. Rb3 Qa5 24. Bxh7+ Kxh7 25. Ng5+ Kg8 26. Qh5 Rfe8 27. Qxf7+ Kh8 28. Rh3# 1-0